Porovnanie konkurencieschopnosti slovenskej ekonomiky s ostatnými krajinami diplomová práca

Saved in:
Bibliographic Details
Main Author: Vaľková, Denisa
Corporate Author: Národohospodárska fakulta EU. Katedra hospodárskej politiky
Other Authors: Fliegová, Jana
Format: Book
Language:Slovak
Published: Bratislava 2010
Tags: Add Tag
No Tags, Be the first to tag this record!

MARC

LEADER 00000nam a2200000 4500
001 0120344
005 20240318123133.9
041 0 |a slo 
044 |a SK 
245 1 0 |a Porovnanie konkurencieschopnosti slovenskej ekonomiky s ostatnými krajinami  |b diplomová práca  |c Denisa Vaľková ; škol. Jana Fliegová 
264 1 |a Bratislava  |c 2010 
300 |a 75 s. 
100 1 |a Vaľková, Denisa 
700 1 |a Fliegová, Jana 
710 2 |a Národohospodárska fakulta EU. Katedra hospodárskej politiky